| 000 | 00840nam a2200217 a 4500 | ||
|---|---|---|---|
| 001 | 16293 | ||
| 003 | CO-ViMGA | ||
| 008 | 141112s2004 ck r 000 u spa d | ||
| 020 | _a8481644374 | ||
| 040 |
_aCO-ViMGA _bspa _cCO-ViMGA |
||
| 082 | 0 | 4 | _a100 S139m |
| 100 | 1 |
_aSáez Rueda, Luis _923300 |
|
| 245 | 1 | 0 | _aMovimientos filosóficos actuales |
| 260 |
_aMadríd (España) : _bTrotta, _c2001 |
||
| 300 | _a527.p. | ||
| 505 | _aLos caminos de la fenomenología Proyección y desbordamiento de la filosofía existencial Hermeneutica Apertura y desafíos de la filosofía analítica Autocrítica y reconstrucción de la razón Crisis de la modernidad y pensamiento de la diferencia | ||
| 590 | _aForma de adquisición : Premio - Mincultura | ||
| 650 | 1 | 4 | _aFILOSOFIA CONTEMPORANEA |
| 650 | 1 | 4 |
_aFILOSOFIA MODERNA _911236 |
| 942 |
_2ddc _cBK |
||
| 999 |
_c26190 _d26190 |
||